Hati kering vs hati tisu

Bibliographic Details
Main Author: Norazizah Abdul Rahman
Format: Book
Published: Selangor : Yamani Angle Publisher , 2014
Subjects:

MARC

LEADER 00000cam a2200000 7i4500
001 0000043554
005 20141130.0
008 141130
020 |a 9670525440 
090 0 0 |a NOR   |b MAL 
100 1 |a Norazizah Abdul Rahman 
245 1 0 |a Hati kering vs hati tisu   |c Norazizah Abdul Rahman 
260 |a Selangor :   |b Yamani Angle Publisher ,   |c 2014 
650 0 |a Remaja   |x Novel Malay... 
999 |a 0001310645   |b Book   |c Teenagers   |e Cawangan AEON Kulaijaya 
999 |a 0001310647   |b Book   |c Teenagers   |e Perbadanan Perpustakaan Awam Johor 
999 |a 0001310648   |b Book   |c Teenagers   |e Perbadanan Perpustakaan Awam Johor 
999 |a 0001313296   |b Book   |c Children Collection   |e Cawangan Kota Tinggi 
999 |a 0001313297   |b Book   |c Teenagers   |e Cawangan Bukit Gambir 
999 |a 0001313298   |b Book   |c Adult Collection   |e Cawangan Taman Sri Lambak 
999 |a 0001313306   |b Book   |c Teenagers   |e Cawangan Mersing 
999 |a 0001313307   |b Book   |c Teenagers   |e Cawangan Tmn. Ungku Tun Aminah